Long Place Names - Statistics

General Stats
  • This quiz has been taken 75 times
    54 since last reset
  • The average score is 6 of 19
Answer Stats
Hint # Answer % Correct
Burkina Faso Capital 11 Ouagadougou
82%
Madagascan Capital 12 Antananarivo
75%
DRC's Full Name 28 Democratic Republic of the Congo
71%
Sri Lanka Capital 23 Sri Jayawardenepura Kotte
68%
Côte D'Ivoire Capital 12 Yamoussoukro
68%
St Vincent's Full Name 28 Saint Vincent and the Grenadines
39%
Welsh Town 58 Llanfairpwllgwyngyllgogerychwyrndrobwllllantysiliogogogoch
36%
Tristan da Cun. Capital 23 Edinburgh of the Seven Seas
32%
Christmas Isl. Capital 14 Flying Fish Cove
32%
Hill in NZ 85 Taumatawhakatangihangakoauauotamateaturipukakapikimaungahoronukupokaiwhenuakitanatahu
29%
Bangkok's Full Name 167 Krung Thep Mahanakhon Amon Rattanakosin Mahinthara Yuthaya Mahadilok Phop Noppharat Ratchathani Burirom Udomratchaniwet Mahasathan Amon Piman Awatan Sathit Sakkathattiya Witsanukam Prasit
11%
S. African Farm 44 Tweebuffelsmeteenskootmorsdoodgeskietfontein
11%
Spanish Town 39 Azpilicuetagaraycosaroyarenberecolarrea
7%
American Lake 58 Char­gogg­a­gogg­man­chaugg­a­gogg­chau­bun­a­gung­a­maugg
7%
Finnish Bog Area 35 Äteritsiputeritsipuolilautatsijänkä
4%
Canadian Lake 31 Pekwachnamaykoskwaskwaypinwanik
4%
Dutch Hamlet 25 Gasselterboerveenschemond
0%
Polish Village 17 Jazgarzewszczyzna
0%
Polish Village 17 Szymankowszczyzna
0%
No matching quizzes found
Score Distribution
Percent of People with Each Score
Percentile by Number Answered
Your Score History
You have not taken this quiz since the last reset